Responses for Show #7330 - Friday, June 24, 2016

Contestants

[<< previous game]

Peyton Brown, a laborer from Chicago, Illinois

Harris Stutman, a medical informaticist from Huntington Beach, California

Laurie MacDougall, a cancer registrar originally from Medford, Massachusetts (whose 3-day cash winnings total $78,000)

[next game >>]

Jeopardy! Round responses

EDIBLE EXPRESSIONS
THE CONSCIENCE FUND
FITNESS & EXERCISE
HUGE TRACTS "O" LAND
(Alex: We want you to give us the play because we'll deal with...)
LATER IN THE SHAKESPEARE SPEECH
CONNECT 4
    $200 11
egg

Harris
    $200 20
Treasury

Harris
    $200 24
push-ups

Harris
    $200 6
Ontario

Peyton
    $200 1
Romeo and Juliet

Harris
    $200 14
Seinfeld

Peyton
    $400 17
(Laurie: What is soup to nuts?)
...
(Alex: Laurie, it's a four-word expression.)

from soup to nuts

Laurie
Triple Stumper
    $400 9
the IRS

Peyton
    $400 29
a crunch

Peyton
    $400 7
Oklahoma

Harris
    $400 2
Macbeth

Laurie
    $400 15
Bob Dylan (songs)

Peyton
    $600 12
fish

Harris
    $600 21
Madison

Harris
    $600 25
40 yards

Harris
    $600 8
Oman

Harris
    $600 3
Hamlet

Harris
    $600 18
CBS

Harris
    $800 13
ginger

Peyton
    $800 10
(Peyton: What is a thief?)
(Laurie: What is a coward?)

a Christian

LauriePeyton
Triple Stumper
    $800 26
CrossFit

Triple Stumper
    $1,000 27
(Alex: Harris?)
(Harris: I don't know.)

the Outback

Harris
    $800 4
(Harris: What is Othello?)

The Merchant of Venice

LaurieHarris
    $800 16
U2

Laurie
    $1000 23
fruit salad

Peyton
    $1000 22
stamps

Laurie
    $1000 30
(Alex: Sounds uncomfortable just saying it.)

the plank

Triple Stumper
    $1000 28
the Orkneys

Laurie
    $1000 5
Othello

Peyton
    $1000 19
Spielberg

Laurie

Scores at the first commercial break (after clue 16):

Laurie Harris Peyton
$1,200 $1,800 $2,200

Scores at the end of the Jeopardy! Round:

Laurie Harris Peyton
$3,800 $3,000 $3,600

Double Jeopardy! Round responses

BUSINESS MAGAZINES
PLACES THAT BECAME WORDS
THE CRUSADES
DOUBLE "A"
XENON
WORRIER PRINCESS
    $400 2
bikini

Peyton
    $400 3
baa baa

Harris
    $400 17
projectors

Peyton
    $400 8
Princess Leia

Harris
    $800 27
Entrepreneur

Peyton
    $800 24
tuxedo

Harris
    $800 21
Egypt

Triple Stumper
    $800 6
(Laurie: What is Baal?)
[Nicolas Poussin's The Adoration of the Golden Calf]

Aaron

Laurie
Triple Stumper
    $800 14
bonds

Peyton
    $800 9
Fiona

Laurie
    $1200 25
Forbes

Harris
    $1200 1
rugby

Laurie
    $1200 20
the Franks

Harris
    $1200 4
a bazaar

Harris
    $1200 13
a stranger

Harris
    $1200 10
(Princess) Jasmine

Laurie
    $1600 26
North Carolina

Harris
    $1600 22
Armageddon

Triple Stumper
    $3,200 19
(Peyton: Who is Saint Francis?)

St. Bernard

Peyton
    $1600 5
Kwanzaa

Laurie
    $1600 16
(Harris: What is cancer?)
(Alex: Be more specific.)

skin cancer

Harris
    $1600 11
(Alex: The Princess Bride.)

(Princess) Buttercup

Laurie
    $2000 28
[The end-of-round signal sounds.]

Kiplinger

Harris
    $2,000 23
(Harris: What is a kiwi?)
(Alex: No. The city is Tangier, hence the [*]. We have a minute to go now, Harris.)

tangerine

Harris
    $2000 18
(Harris: What is Jaffa?)
(Peyton: What is Tel Aviv?)

Acre

HarrisPeyton
Triple Stumper
    $2000 7
Maalox

Laurie
    $2000 15
the European Space Agency

Harris
    $2000 12
[ERRATUM: According to the screenplay, her name was spelled "Ann".]

Rome

Harris

Scores at the end of the Double Jeopardy! Round:

Laurie Harris Peyton
$11,400 $14,600 $800

[wagering suggestions for these scores]

Final Jeopardy! Round responses

ALLITERATIVE AMERICANS
(Alex: f/64 should have led you to photography.)
PeytonWho Is Jasper Johns
$799
LaurieWho
$4,900
HarrisWho is Ansel Adams?
$8,400
Ansel Adams

Final scores:

Laurie Harris Peyton
$6,500 $23,000 $1
2nd place: $2,000 New champion: $23,000 3rd place: $1,000

Game dynamics:

Coryat scores:

Laurie Harris Peyton
$11,400 $17,600 $4,000
12 R,
3 W
23 R,
4 W
(including 2 DDs)
12 R,
3 W
(including 1 DD)

Combined Coryat: $33,000

[game clues] [game scores] [suggest correction]

Game tape date: 2016-03-24
The J! Archive is created by fans, for fans. Scraping, republication, monetization, and malicious use prohibited; this site may use cookies and collect identifying information. See terms. The Jeopardy! game show and all elements thereof, including but not limited to copyright and trademark thereto, are the property of Jeopardy Productions, Inc. and are protected under law. This website is not affiliated with, sponsored by, or operated by Jeopardy Productions, Inc. Join the discussion at JBoard.tv.